نظم تشغيل الحاسب الشخصى : ‪‪ الدوس /

تعتبر نظم التشغيل واحدة من اهم وابرز برمجيات الحاسب التى تلعب دورا هاما وفعالا فى زيادة انتاجية اجهزة الحاسب وتنسيق العمل بين مكونتها المختلفة بالاضافة الةى توفير الخدمة والدعم لمستخدمى هذه الاجهزة....

Olles dieđut

Furkejuvvon:
Bibliográfalaš dieđut
Váldodahkki: خشبة، محمد السعيد
Materiálatiipa: Girji
Giella:arábiagiella
Almmustuhtton: القاهرة : ‪‪ دار المعارف، ‪‪ 1991.
Ráidu:كتب برمجيات الحاسب ؛ 1
Fáttát:
Fáddágilkorat: Lasit fáddágilkoriid
Eai fáddágilkorat, Lasit vuosttaš fáddágilkora!

MARC

LEADER 00000nam a2200000Ia 4500
003 INP
005 20181114193243.0
008 140319s1991 Ua 000 0 ara d
952 |0 0  |1 0  |4 0  |6 001_642500000000000_م_ن  |7 0  |8 arabic_Boo  |9 302  |a INP  |b INP  |c MAIN  |d 2017-11-01  |l 0  |o 001.6425 م ن‪‪  |p 001805  |r 2022-03-28 00:00:00  |w 2017-11-01  |y BK  |0 0  |x batch 
999 |c 510  |d 510 
040 |a EG-INP  |c EG-INP  |b ara 
082 0 4 |a 001.6425  |b م ن‪‪  |2 21 
100 1 |a خشبة، محمد السعيد. 
245 1 0 |a نظم تشغيل الحاسب الشخصى : ‪‪  |b الدوس /   |c محمد السعيد خشبة‪‪. 
260 |a القاهرة : ‪‪  |b دار المعارف، ‪‪  |c 1991. 
300 |a 352 ص. :‪‪  |b ايض ؛ ‪‪  |c 24 سم‪‪ 
490 0 |a كتب برمجيات الحاسب ؛   |v 1 
520 |a تعتبر نظم التشغيل واحدة من اهم وابرز برمجيات الحاسب التى تلعب دورا هاما وفعالا فى زيادة انتاجية اجهزة الحاسب وتنسيق العمل بين مكونتها المختلفة بالاضافة الةى توفير الخدمة والدعم لمستخدمى هذه الاجهزة. 
650 7 |a الحاسبات الالكترونية   |2 qrmak  |x برامج‪‪ 
650 7 |a الحاسبات الالكترونية الشخصية  |2 qrmak 
650 7 |a معالجة النظم  |2 qrmak 
901 |a EGPV4 
902 |a  EGPV5 
903 |a copycat 
942 |c BK  |2 ddc